Sportifs en C - Statistiques

Statistiques générales
  • Ce quiz a été pris 100 fois
  • Le résultat moyen est 3 sur 12
Statistiques - réponses
Sport Pays Sexe Réponse % Correct
Football Uruguay Homme Cavani
87%
Basket (GS) USA Homme Curry
65%
Footbal Belgique Homme Courtois/Castagne
57%
Footbal France Homme Camavinga/Coman/Clauss/Caqueret/Cherki
43%
Tennis Croatie Homme Coric
22%
Basket (Pistons) USA Homme Cunningham
22%
Tennis Argentine Homme Cerundolo/Coria
21%
Biathlon Norvège Homme Christiansen
14%
Rugby France Homme Chalureau/Couilloud/Cros
13%
Golf USA Homme Clark/Cantlay/Cole
4%
Boxe (Welter) USA Homme Crawford
1%
MMA (moyens) USA Homme Cannonier
0%
Aucun quiz correspondant
Distribution des résultats
% des personnes avec chaque résultat
Percentile par nombre de réponses
Votre historique - résultats
Vous n’avez pas pris ce quiz